Guía UDA 0 : un instrumento de screening para descubrir retrasos de desarrollo /

Detalles Bibliográficos
Autor principal: Proaño Arias, Elida Margarita (Autor)
Formato: Electrónico eBook
Lenguaje:español
Publicado: Cuenca, Ecuador : Universidad del Azuay, Casa Editora, [2019]
Materias:
Acceso en línea:Digitalia Hispánica

MARC

LEADER 00000nam a2200000 i 4500
001 DIGUAZUAY0087
003 NyNyDIG
007 cr |||||||||||
008 260116s2019 ec ob 000 0 spa d
006 m o d
035 |a (OCoLC)1420744792 
040 |a DGITA  |b eng  |e rda  |e pn  |c DGITA 
020 |a 9789942822284  |q eBook 
020 |z 9789942822260 
050 1 4 |a RJ132 ebook 
100 1 |a Proaño Arias, Elida Margarita,  |e author. 
245 1 0 |a Guía UDA 0 :  |b un instrumento de screening para descubrir retrasos de desarrollo /  |c Elida Margarita Proaño Arias [and 5 others]. 
264 1 |a Cuenca, Ecuador :  |b Universidad del Azuay, Casa Editora,  |c [2019] 
300 |a 1 online resource. 
336 |a text  |b txt  |2 rdacontent 
337 |a computer  |b c  |2 rdamedia 
338 |a online resource  |b cr  |2 rdacarrier 
347 |a text file  |2 rdaft 
347 |b PDF 
504 |a Includes bibliographical references. 
588 0 |a Online resource; title from PDF title page (Digitalia, viewed January 16, 2026) 
650 0 |a Child development  |x Testing. 
791 2 |a Digitalia (Firm),  |e distributor. 
793 0 |g Digitalia eBook Collection:  |a Universidad del Azuay 
776 0 8 |i Print version:  |a Proaño Arias, Elida Margarita.  |t Guía UDA 0.  |d Cuenca, Ecuador : Universidad del Azuay, Casa Editora, [2019]  |z 9789942822260 
856 4 0 |3 Digitalia Hispánica  |u https://www.digitaliapublishing.com/a/133470/ 
910 |a Premium collection: 2026